000 01059nam a22002657a 4500
005 20240530110445.0
008 150427s2009 ua o g 000 0 ara d
017 _a2009/7654
_bمصر . دار الكتب المصرية
020 _a9789774207740
040 _aEG-CaGPL
082 0 4 _221
_a398.27\
_bف م
100 0 _aفارس خضر
245 1 0 _aميراث الاسى :
_bتصورات الموت فى الوعى الشعبى /
_cفارس خضر
260 _aالقاهرة :
_bالهيئة المصرية العامة للكتاب ،
_c2009 .
300 _a343 ص :
_bصور ؛
_c20 سم
650 0 4 _aالفولكلور
650 0 4 _aالغسل فى الدين والفلكلور
650 0 4 _aالعزاء فى الدين والفلكلور
650 0 4 _aالجنائز فى الدين والفلكلور
650 0 4 _aالاحلام فى الدين والفلكلور
650 0 4 _aالموت فى الدين والفلكلور
650 0 4 _aالادب الشعبى
942 _2ddc
_cBK
999 _c61123
_d61123